000 00443nam a2200145Ia 4500
008 220214s9999 xx 000 0 und d
100 _aFawole LO
245 0 _aMaintenance of tree-crop plantations using a portable motorized weeder
260 _bAgricultural Mechanization in Asia, Africa and Latin America
_c1986
300 _a63-66
650 _aMotorized weeder
650 _aTree crop plantations
700 _aAgboola AA
942 _cRE
999 _c45744
_d45744